[Event "18th Brasschaat Open 2018"]
[Site "Brasschaat"]
[Date "2018.08.21"]
[Round "3"]
[White "De Block, Fabio"]
[Black "Tikranian, Alik"]
[Result "0-1"]
[WhiteElo "1956"]
[BlackElo "2295"]
[Annotator "TA"]
[PlyCount "162"]
[EventDate "2018.08.18"]
[EventType "swiss"]
[EventCountry "BEL"]
[SourceTitle "playchess.com"]
[Source "ChessBase"]
[SourceQuality "1"]

{[%evp 10,162,0,0,0,0,0,0,2,-4,26,8,28,25,34,33,63,37,64,0,34,8,21,-14,-20,-30,-32,-116,-127,-147,-131,-107,-62,-76,-54,-72,0,0,35,27,118,64,72,68,84,70,79,45,40,25,0,-77,-72,-75,-76,-83,-80,-69,-69,-376,0,-8,-13,-13,-25,-76,-4,-8,7,0,12,0,0,0,0,0,0,0,0,0,0,0,0,-8,-4,-4,-4,-12,-11,-11,-11,-10,-10,-10,-10,-11,-4,-150,-16,-14,-12,-12,-12,-12,-12,-12,0,0,-3,-10,-10,-10,-10,-10,-10,-12,-12,-12,-12,-20,-20,-20,-20,-20,-20,-20,-20,-20,-20,-20,-20,-20,-20,-20,-20,-20,-20,-20,-20,-20,-20,-20,-20,-24,-20,-28,-28,-28,-28,-28,-28,-28,-28,-29989,-29990]} 1. d4 Nf6 2. c4 e6 3. Nc3 Bb4 4. Qc2 d5 5. a3 Bxc3+ 6. bxc3 {LiveBook: 5 Games} b6 {E36: Nimzo-Indian: Classical: 4...d5 5 a3} (6... Nbd7 7. Bg5 h6 {½-½ (7) Novosadova,K (2198)-Vokac,M (2415) Ostrava 2017}) 7. Bg5 Bb7 8. Nf3 h6 {The position is equal.} 9. Bh4 O-O 10. e3 Nbd7 11. cxd5 exd5 12. Bd3 Re8 $146 ({Predecessor:} 12... Qe8 13. Nd2 Ne4 14. Nxe4 dxe4 {1-0 (37) Svetly,J (1985)-Biron,V (1796) Pardubice 2017}) 13. O-O c5 14. Qa4 ({White should play} 14. a4 $14) 14... a6 15. Rac1 b5 16. Qd1 Qa5 17. Bb1 Qxa3 {[#]} 18. Qc2 (18. Ne5 $1 $15 {[%mdl 512]}) 18... Ne4 $17 19. Nd2 {[%cal Bf3d2,Bd2b3,Bb3c5][%mdl 32]} cxd4 20. f3 Nef6 21. exd4 Rac8 22. Nb3 b4 (22... Re3 $17 23. Bxf6 Nxf6) 23. Nc5 $11 b3 24. Nxb3 g5 (24... Qa4 $11 {keeps the balance.}) 25. Bg3 (25. Bf2 $1 $16) 25... Bc6 26. h4 $1 {[%cal Rh4g5] Threatens to win with hxg5.} Qf8 27. hxg5 hxg5 28. Qf5 Qh6 29. Kf2 g4 $36 {[%csl Ge8][%cal Rh6e3][%mdl 2048] Black has some pressure.} 30. Bf4 {[#]} (30. Kg1 $11) 30... g3+ $1 $17 {[%mdl 512]} 31. Kxg3 Nh5+ 32. Qxh5 Qxh5 33. Rh1 Nf6 34. Rh4 $2 {[%mdl 8192] [#]} (34. Rxh5 $15 Nxh5+ 35. Kg4 Nxf4 36. Kxf4) 34... Ne4+ $2 (34... Rb8 $1 $19 35. Bc2 (35. Bxb8 Qg5+) 35... Rxb3 $1 {[%mdl 512]} 36. Rxh5 Nxh5+ 37. Kh4 Nxf4 38. Bxb3 Rb8) 35. Bxe4 {[#]} Qxh4+ $1 {[%mdl 512]} 36. Kxh4 dxe4 37. Nc5 (37. Kg3 $1 $11) 37... e3 (37... exf3 $17 38. gxf3 Bxf3) 38. Re1 e2 39. Nxa6 f6 40. Nc5 Kf7 {...Rg8 is the strong threat.} 41. Kg3 Bd5 42. Kf2 Ra8 43. Rxe2 Rxe2+ 44. Kxe2 $11 {[%mdl 4096] Endgame KRB-KBN} Bc4+ 45. Kf2 Ra2+ 46. Kg1 Kg6 47. Ne4 Rc2 48. Nd6 Bd3 49. c4 Bxc4 50. Nxc4 Rxc4 {KR-KB} 51. Be3 Kf7 52. Kf2 Ke6 53. f4 {[#]} (53. g4 $11) 53... Kd5 (53... f5 $1 $17 {And now ...Kd5 would win.} 54. Kf3 Rc3) 54. Kf3 $1 Rc3 {Strongly threatening ...f5.} (54... f5 $5 55. g4 $8 fxg4+ 56. Kxg4 Ke4 $11) 55. g4 Ra3 56. f5 Ra1 57. Bf2 Rb1 58. Bh4 Rb6 59. g5 Rb3+ 60. Kg4 {Black must now prevent g6.} fxg5 61. Kxg5 Kxd4 62. f6 Ke5 63. f7 Rf3 64. Kg6 Ke6 65. Kg5 Rxf7 66. Kg6 Rf4 67. Kg5 Rf8 68. Bg3 Kd5 69. Bc7 Ke4 70. Kg6 Rc8 71. Ba5 Rc6+ 72. Kf7 Ke5 73. Ke7 Ra6 74. Bc7+ Kd5 75. Bb8 Ra3 76. Kd7 Rc3 77. Bc7 Rh3 78. Ba5 Rh7+ 79. Kc8 Kc6 {( -> ...Rh8+)} 80. Kd8 Rd7+ 81. Kc8 $2 {[%mdl 8192] [#]} (81. Ke8 $11) 81... Ra7 $1 {Precision: White = 48%, Black = 59%.} 0-1

[Event "18th Brasschaat Open 2018"]
[Site "Brasschaat"]
[Date "2018.08.21"]
[Round "3"]
[White "Engelaer, Maurice"]
[Black "Kazarian, Anna-Maja"]
[Result "0-1"]
[WhiteElo "1915"]
[BlackElo "2183"]
[Annotator "TA"]
[PlyCount "65"]
[EventDate "2018.08.18"]
[EventType "swiss"]
[EventCountry "BEL"]
[SourceTitle "playchess.com"]
[Source "ChessBase"]
[SourceQuality "1"]

{[%evp 29,65,0,0,-20,0,-15,5,0,0,-33,0,0,0,0,0,0,0,0,0,0,0,-35,0,0,0,-1,-2,-32,-32,-29,-38,-79,-76,-112,-125,-267,-244,-262]} 1. e4 c6 2. d4 d5 3. Nc3 dxe4 4. Nxe4 Bf5 5. Ng3 Bg6 6. h4 h6 7. Nf3 Nd7 8. h5 Bh7 9. Bd3 Bxd3 10. Qxd3 e6 11. Bf4 Qa5+ {B19: Classical Caro-Kann: 4...Bf5 main line} 12. Bd2 Bb4 13. a3 (13. c3 Be7 14. c4 Qc7 15. d5 cxd5 16. cxd5 Qd6 17. Qb5 Ngf6 18. dxe6 Qxe6+ 19. Kf1 {1-0 (64) Kokarev,D (2622)-Rozum,I (2586) Khanty-Mansiysk 2017}) 13... Bxd2+ 14. Qxd2 Qxd2+ 15. Kxd2 Ngf6 {LiveBook: 4 Games} 16. c4 O-O-O 17. Rad1 $146 ({Predecessor:} 17. Kc3 Rhe8 18. Rad1 {½-½ (18) Nezad,H (2398)-Al Tamimi,H (2243) Biel 2010}) 17... c5 18. Kc2 cxd4 19. Nxd4 a6 20. Rhe1 Nb6 21. b3 Rd7 22. Nf3 Rxd1 23. Rxd1 Nbd7 24. b4 Kc7 25. a4 Rd8 26. a5 Ng4 27. Ne4 f5 28. Nc3 Nxf2 29. Re1 Nf8 30. Ne5 {[#]} Rd4 $1 31. Na4 Ne4 32. Re2 (32. Nc3 $17 {is a better defense.}) 32... Kd6 $19 33. Nf7+ {Precision: White = 12%, Black = 72%.} 0-1

[Event "18th Brasschaat Open 2018"]
[Site "Brasschaat"]
[Date "2018.08.21"]
[Round "3"]
[White "Remijsen, Dave"]
[Black "Baselmans, Luuk"]
[Result "0-1"]
[WhiteElo "1772"]
[BlackElo "2100"]
[Annotator "TA"]
[PlyCount "48"]
[EventDate "2018.08.18"]
[EventType "swiss"]
[EventCountry "BEL"]
[SourceTitle "playchess.com"]
[Source "ChessBase"]
[SourceQuality "1"]

{[%evp 23,47,-31,-26,-71,-71,-69,-60,-75,-67,-59,-53,-114,-124,-176,-177,-169,-163,-283,-281,-1746,-1756,-29990,-29991,-29998,-29999,-29999]} 1. e4 e6 2. d4 d5 3. Nc3 Nf6 4. Bg5 Be7 5. e5 Nfd7 6. Bxe7 Qxe7 7. f4 a6 8. Nf3 c5 9. Qd2 Nc6 10. dxc5 Nxc5 11. O-O-O O-O 12. Bd3 b5 {[%cal Bb7b5,Bb5b4][%mdl 32] LiveBook: 47 Games} 13. g4 {C14: French: Classical System: 4 Bg5 Be7 main line} (13. Ne2 Nb4 14. Kb1 Ncxd3 15. cxd3 d4 16. Nexd4 Bb7 17. f5 exf5 18. a3 Bxf3 19. gxf3 Nd5 20. f4 Qd7 {0-1 (32) Maze,S (2619)-Danin,A (2543) Minsk 2017}) 13... b4 14. Ne2 a5 15. Ned4 {Black is slightly better.} Nxd4 16. Nxd4 Ba6 17. Bxa6 $146 ({Better is} 17. Kb1 $15) ({Predecessor:} 17. Kb1 Rfc8 18. h4 b3 19. Nxb3 Bxd3 20. Nxc5 Bxc2+ 21. Qxc2 Rxc5 {½-½ (33) Forney,R (2034)-Dzenis,J (2048) ICCF email 2015}) 17... Rxa6 $17 18. Kb1 (18. Qe3 $17 {is a better defense.}) 18... Ne4 $36 {[%mdl 2048] Keeping White busy.} 19. Qe2 Rb6 20. Nb3 (20. Qe3 {might work better.}) 20... a4 21. Nd2 $2 {[#]} (21. Qe3 Rfb8 22. Nd2 Nc3+ 23. bxc3 bxc3+ 24. Ka1 cxd2 25. Qc3) 21... Nc3+ $1 22. bxc3 bxc3+ {Black mates.} 23. Nb3 Qa3 {[%csl Gc3][%cal Ra3b2]} 24. Qb5 Qb2# 0-1

[Event "18th Brasschaat Open 2018"]
[Site "Brasschaat"]
[Date "2018.08.21"]
[Round "3"]
[White "De Cuyper, Yago"]
[Black "Vande Ginste, Michiel"]
[Result "0-1"]
[WhiteElo "1749"]
[BlackElo "1762"]
[Annotator "NA RC"]
[PlyCount "92"]
[EventDate "2018.08.18"]
[EventType "swiss"]
[EventCountry "BEL"]
[SourceTitle "playchess.com"]
[Source "ChessBase"]
[SourceQuality "1"]
[TimeControl "40/5400+30:1800+30"]

1. d4 {[%emt 0:26:44]} Nf6 {[%emt 0:00:00]} 2. c4 {[%emt 0:00:06]} e6 {[%emt 0:00:00]} 3. g3 {[%emt 0:00:04]} c5 {[%emt 0:00:12]} 4. Nf3 {[%emt 0:00:10]} b6 {[%emt 0:00:07]} 5. Bg2 {[%emt 0:02:24]} Bb7 {[%emt 0:00:05]} 6. d5 {[%emt 0:04:47]} exd5 {[%emt 0:00:14]} 7. Nh4 {[%emt 0:00:07]} d6 {[%emt 0:00:28]} 8. Nc3 {[%emt 0:01:29]} Nbd7 {[%emt 0:04:23]} 9. O-O {[%emt 0:07:47]} g6 {[%emt 0:07:47]} 10. Bf4 {[%emt 0:06:10]} Ne5 {[%emt 0:13:15]} 11. Nxd5 {[%emt 0:01:34]} Nxd5 {[%emt 0:05:11]} 12. Bxd5 {[%emt 0:00:06]} Qc7 {[%emt 0:00:51]} 13. Qd2 {[%emt 0:02:17]} Bg7 {[%emt 0:04:15]} 14. Rad1 {[%emt 0:01:05]} O-O {[%emt 0:01:12]} 15. b3 {[%emt 0:02:44]} Rfd8 {[%emt 0:07:51]} 16. Bg5 {[%emt 0:07:25]} Rd7 {[%emt 0:00:31]} 17. Qf4 {[%emt 0:00:18]} Re8 {[%emt 0:08:03]} 18. Bf6 {[%emt 0:05:16]} Bf8 {[%emt 0:00:51]} 19. f3 {[%emt 0:06:32]} a6 {[%emt 0:09:34]} 20. e4 {[%emt 0:00:58]} Bxd5 {[%emt 0:05:28]} 21. Rxd5 {[%emt 0:00:39]} h6 {[%emt 0:00:44]} 22. Qd2 {[%emt 0:01:55]} Re6 {[%emt 0:05:52]} 23. Bxe5 {[%emt 0:01:14]} Rxe5 {[%emt 0:00:05]} 24. Ng2 {[%emt 0:01:01]} Rxd5 {[%emt 0:02:20]} 25. Qxd5 {[%emt 0:00:08]} Bg7 {[%emt 0:00:10]} 26. Nf4 {[%emt 0:00:23]} Bd4+ {[%emt 0:02:10]} 27. Kg2 {[%emt 0:00:06]} Kh7 {[%emt 0:00:37]} 28. Ne2 {[%emt 0:01:28]} Bg7 {[%emt 0:01:34]} 29. Rd1 {[%emt 0:00:21]} b5 {[%emt 0:01:24]} 30. Rb1 {[%emt 0:01:41]} Qa5 {[%emt 0:02:12]} 31. Qd3 {[%emt 0:07:30]} Qxa2 {[%emt 0:02:03]} 32. Kh3 {[%emt 0:00:23]} Qa5 {[%emt 0:02:11]} 33. f4 {[%emt 0:00:56]} Rd8 {[%emt 0:01:50]} 34. Rd1 {[%emt 0:00:28]} Bf6 {[%emt 0:03:02]} 35. f5 {[%emt 0:01:56]} g5 {[%emt 0:00:34]} 36. g4 {[%emt 0:01:18]} bxc4 {[%emt 0:03:11]} 37. Qxc4 {[%emt 0:00:12]} Rd7 {[%emt 0:00:30]} 38. Ng3 {[%emt 0:00:59]} Be5 {[%emt 0:02:34]} 39. Nh5 {[%emt 0:00:16]} Qa2 {[%emt 0:01:09]} 40. Ng3 {[%emt 0:00:11]} Qa5 {[%emt 0:03:38]} 41. Nh5 {[%emt 0:30:39]} Qb5 {[%emt 0:02:21]} 42. Qc2 {[%emt 0:00:00]} Rb7 {[%emt 0:01:41]} 43. Rd3 {[%emt 0:00:00]} Qb4 {[%emt 0:01:53]} 44. Re3 {[%emt 0:00:00]} Qd4 {[%emt 0:01:52]} 45. Qe2 {[%emt 0:00:00]} c4 {[%emt 0:00:39]} 46. f6 {[%emt 0:00:00]} Qxe3+ {[%emt 0:00:42]} 0-1

[Event "18th Brasschaat Open 2018"]
[Site "Brasschaat"]
[Date "2018.08.21"]
[Round "4"]
[White "Docx, Stefan"]
[Black "Van Herck, Marcel"]
[Result "0-1"]
[WhiteElo "2444"]
[BlackElo "2019"]
[Annotator "TA"]
[PlyCount "105"]
[EventDate "2018.08.18"]
[EventType "swiss"]
[EventCountry "BEL"]
[SourceTitle "playchess.com"]
[Source "ChessBase"]
[SourceQuality "1"]

{[%evp 12,105,32,25,37,35,105,97,103,98,94,103,89,93,93,68,72,74,56,55,70,46,51,53,160,0,0,0,0,0,0,0,0,0,0,-90,-74,-88,-20,-17,-14,-18,-26,-29,-29,-27,0,0,0,-28,-35,-100,-100,-94,-100,-120,-124,-113,59,0,0,-11,-8,-10,-20,-193,-183,-173,-141,-178,-141,-217,-216,-225,-168,-202,-198,-241,-241,-241,-241,-241,-241,-235,-234,-239,-241,-376,-356,-316,-311,-421,-401,-374,-356,-239]} 1. Nf3 {Gupta,A} g6 2. d4 f5 3. c4 Nf6 4. Nc3 Bg7 5. Bf4 d6 6. e3 O-O 7. c5 {LiveBook: 31 Games. A85: Dutch Defence: 2 c4 Nf6 3 Nc3} Be6 $146 ({Predecessor:} 7... Kh8 8. h4 Nh5 9. Qb3 a5 10. Rd1 c6 11. Na4 Ra7 12. Ng5 Qe8 13. Bc4 Nxf4 14. exf4 d5 {½-½ (51) Gupta,A (2625)-Mamedyarov,S (2756) Reykjavik 2015 CBM 166 [Gupta,A]}) 8. Ng5 Qc8 (8... Bc8 $14) 9. cxd6 $16 {White is better.} exd6 10. Rc1 {Nb5 is the strong threat.} h6 11. Nxe6 Qxe6 12. Nb5 $36 {[%mdl 2048] Black is under strong pressure.} Na6 13. Nxc7 Nxc7 14. Rxc7 g5 15. d5 Qe4 $1 16. Bxd6 Rfd8 17. Be7 Rd7 (17... Rdc8 $1 $14 18. Rxc8+ (18. Rxb7 Nxd5 19. Be2 Nxe7 $17) 18... Rxc8) 18. d6 $2 (18. Rxd7 $16 Nxd7 19. d6) 18... Rxc7 $11 19. dxc7 Qxe7 20. Qb3+ Kh7 21. Qxb7 Qc5 $1 {[%cal Rc5c1]} 22. Be2 (22. Qxa8 $2 {loses.} Qc1+ 23. Ke2 Ne4 $19) 22... Nd5 $1 23. O-O (23. Qxa8 $11 Qc1+ 24. Bd1 Bc3+ 25. bxc3 Qxc3+ 26. Ke2 Qc4+ 27. Ke1 Qc3+ 28. Kf1 (28. Ke2 Qc4+ 29. Ke1 Qc3+ 30. Ke2 $11) 28... Qd3+ 29. Ke1 Qc3+ 30. Ke2 Qc4+ 31. Ke1 Qc3+) 23... Nxc7 $17 24. Rd1 {Hoping for Rd7.} Re8 (24... Qb6 $17 25. Qf3 Rf8) 25. Rd7 $11 Re7 26. Rxe7 Qxe7 27. Bd3 Qc5 {With the idea ...Qc1+.} 28. g4 Qc1+ 29. Kg2 {Strongly threatening Qc8.} Bxb2 30. Qc8 Qc6+ 31. f3 (31. Kg1 $15 Qc5 32. Bxf5+ Kg7 33. Qd7+ Kf8 34. Qh7) 31... Qd6 $17 32. Qxf5+ Kg7 33. Qh7+ Kf8 34. Bc4 {[%csl Gc4][%cal Rh7f7]} Nd5 $2 ({Better is} 34... Ke8 $1 $17 35. Bb3 a6 36. Qg8+ Kd7 37. Ba4+ Nb5) 35. Qf5+ ({Weaker is} 35. Qxa7 Ne7 $17) (35. Qd3 $1 $14) 35... Nf6 $11 {White must now prevent ...Qd2+.} 36. Qc8+ Ne8 37. Qb7 {[%csl Gc4][%cal Rb7f7]} Qc7 38. Qd5 $2 (38. Qxb2 $11 {and White is okay.} Qxc4 39. Qa3+ Kg8 40. Qxa7) 38... Nf6 $19 39. Qe6 Kg7 40. f4 gxf4 41. exf4 (41. h4 $17) 41... Bc1 $1 42. f5 Bg5 43. Bb3 Qb7+ 44. Kg3 Ne4+ 45. Kg2 {aiming for Qg6+.} Nc5+ $1 46. Qd5 Qxd5+ 47. Bxd5 Kf6 48. Kg3 Ke5 49. Bc6 {[#]} (49. Bc4 {might work better.}) 49... Ne4+ $1 50. Kf3 {[#]} Nc3 $1 51. a4 a5 52. Be8 Kd4 53. Kg3 {Precision: White = 53%, Black = 59%.} 0-1

[Event "18th Brasschaat Open 2018"]
[Site "Brasschaat"]
[Date "2018.08.21"]
[Round "4"]
[White "Tikranian, Alik"]
[Black "Dauw, Sterre"]
[Result "1-0"]
[WhiteElo "2295"]
[BlackElo "2192"]
[Annotator "TA"]
[PlyCount "137"]
[EventDate "2018.08.18"]
[EventType "swiss"]
[EventCountry "BEL"]
[SourceTitle "playchess.com"]
[Source "ChessBase"]
[SourceQuality "1"]

{[%evp 22,137,62,58,44,37,66,38,64,0,148,145,129,58,61,39,46,18,59,46,56,-10,-9,-24,39,34,39,45,62,63,68,47,42,40,87,53,50,41,86,56,145,126,122,78,117,75,197,187,204,200,235,235,235,235,235,235,243,235,235,189,235,189,235,0,235,142,179,192,237,105,112,107,114,97,97,91,121,121,127,116,139,140,1296,1267,1215,1012,2868,2626,3560,2537,2318,2113,2270,2061,29960,1786,29967,29972,29971,29973,29973,29974,29974,29975,29974,29976,29976,29977,29976,29977,29976,29979,29979,29978,29979,29980,29980,29981]} 1. d4 Nf6 2. c4 e6 3. Nc3 c5 4. d5 exd5 5. cxd5 d6 6. e4 g6 7. Nf3 Bg7 8. Be2 O-O 9. Nd2 Nbd7 10. O-O Re8 11. a4 a6 12. a5 {LiveBook: 9 Games. A77: Modern Benoni: Classical: 9...Re8 10 Nd2: 10...a6 and 10...Nbd7} (12. Re1 Rb8 13. h3 Qc7 14. Qc2 h6 15. Ra3 g5 16. Nf1 Ne5 17. f4 gxf4 18. Bxf4 Ng6 19. Bh2 c4 20. a5 b5 {0-1 (39) Navara,D (2734)-Akopian,V (2648) Berlin 2015}) 12... Ne5 13. Ra3 Bd7 14. Re1 {[#] White is slightly better.} Nfg4 $146 {Strongly threatening ...Qh4.} ({Predecessor:} 14... Rc8 15. Nf1 c4 16. Be3 Qe7 17. f3 Kh8 18. Nd2 Ng8 19. Bd4 Qg5 20. g3 {½-½ (50) Pavlovic,M (2350)-Illescas Cordoba,M (2505) New York 1987}) 15. Nf1 (15. h3 $14 Nxf2 16. Kxf2) 15... g5 (15... f5 $11) 16. f3 $16 Nh6 17. Rb3 (17. Qd2 $1 $16) 17... f5 $14 18. Rxb7 f4 $1 19. Rb6 Qc7 20. Qb3 Reb8 21. h3 ({But not} 21. Bxa6 $2 c4 $19) (21. Nd2 $14) 21... c4 22. Qb4 $1 Rxb6 (22... Nhf7 $11) 23. Qxb6 Qxb6+ 24. axb6 Nhf7 25. h4 h6 26. hxg5 hxg5 27. g3 Bh6 28. Kg2 Rb8 29. Nd2 $36 {[%mdl 2048] White has some pressure.} Bb5 30. b3 cxb3 (30... Nd3 $14 31. Rh1 Nxc1 32. Rxc1 g4) 31. Nxb5 $16 axb5 32. Nxb3 {gxf4 is the strong threat.} Rxb6 33. Nd4 {Black must now prevent Nf5.} Ra6 (33... Ng6 $16) 34. Bxb5 $18 Ra2+ 35. Re2 Rxe2+ 36. Bxe2 ({Much less strong is} 36. Nxe2 $6 g4 $16) 36... fxg3 37. Kxg3 Bf8 38. Bd2 Kh7 39. Ne6 Be7 40. Bf1 Kh6 41. Ba5 Bf6 42. Bd2 $2 ({White should play} 42. Bb5 $18) 42... Kg6 $2 (42... Be7 $1 $11 43. Bb4 Nd7) 43. Bh3 Nh6 44. Bb4 Nef7 45. f4 (45. Nf8+ $18 {is more deadly.} Kg7 46. Ne6+ Kg6 47. Kf2) 45... gxf4+ $16 46. Nxf4+ Kh7 47. Nd3 Ne5 48. Ne1 ({Much weaker is} 48. Bxd6 $6 Nxd3 49. Bf1 Ne5 $11) 48... Nef7 49. Nf3 Kg7 50. Be6 Be7 51. Kf4 Bf6 $2 {[%mdl 8192]} (51... Kg6 $16 52. Ke3 Bf6) 52. Bxf7 $1 $18 Nxf7 {[%mdl 4096] Endgame KBN-KBN} 53. Kf5 Be7 54. Ke6 Bf8 55. Bc3+ Kg8 56. Bf6 Bh6 57. Nd4 Bg5 58. Nf5 (58. Bxg5 $142 Nxg5+ 59. Kf5 Nf7 60. Ne6 Ne5 61. Kf6 Nc4 62. Ng5 Nb2 63. Ke7) 58... Bxf6 59. Kxf6 {KN-KN. White mates.} Kf8 60. Nd4 Ke8 {[#]} 61. Nb5 $1 Kf8 62. Nc7 Ne5 {[#]} 63. Ke6 $1 {[%cal Re6d6]} Nf7 64. Kd7 Kg7 65. Ne8+ Kg6 66. Nxd6 Ne5+ 67. Ke6 Nd3 68. Nb7 Nf2 69. Nc5 {Precision: White = 48%, Black = 29%.} 1-0

[Event "18th Brasschaat Open 2018"]
[Site "Brasschaat"]
[Date "2018.08.21"]
[Round "4"]
[White "Sadkowski, Daniel"]
[Black "Den Hartog, Marijn"]
[Result "0-1"]
[WhiteElo "2235"]
[BlackElo "2118"]
[Annotator "TA"]
[PlyCount "116"]
[EventDate "2018.08.18"]
[EventType "swiss"]
[EventCountry "BEL"]
[SourceTitle "playchess.com"]
[Source "ChessBase"]
[SourceQuality "1"]

{[%evp 20,116,49,50,67,60,61,64,59,67,54,62,64,33,30,30,53,29,58,44,34,30,55,37,25,0,29,0,118,120,108,0,0,0,0,0,0,0,82,82,113,108,234,0,93,0,0,-31,-35,-143,-135,-142,-116,-123,-142,-122,0,-104,-96,-106,-99,-104,-106,-104,-110,-156,-54,-53,-56,-59,-22,-22,-22,-22,-22,-29,-40,-515,-528,-528,-322,-309,-156,-157,-181,-5369,-5405,-29976,-29978,-29978,-29979,-29979,-29980,-29980,-29981,-29981,-29982,-29981,-29978]} 1. e4 e6 2. d4 d5 3. Nc3 Bb4 4. e5 Ne7 5. a3 Bxc3+ 6. bxc3 b6 7. Qg4 Kf8 8. a4 c5 9. Qd1 {C18: French: 3 Nc3 Bb4: Main line: 7 h4 and 7 Qg4} Qc7 10. Nf3 Ba6 (10... h6 11. a5 Ba6 12. axb6 axb6 13. Bd3 Qb7 14. Rb1 Bxd3 15. cxd3 cxd4 16. Nxd4 {1-0 (75) Grischuk,A (2772)-Le,Q (2737) Riadh 2017}) 11. Bb5 {LiveBook: 4 Games. White is slightly better.} cxd4 12. cxd4 Bxb5 13. axb5 Qc4 14. Qd3 Qxd3 15. cxd3 Ke8 16. Ke2 a5 $146 17. Ba3 h6 18. Rhc1 Ra7 19. Rc3 Kd7 20. Rac1 Nc8 21. Nd2 Rb7 22. Rc6 Ra7 (22... Na7 $5 23. Rd6+ $8 Ke8 $14) 23. R6c3 f5 (23... Rb7 $11) 24. Nf3 $36 {[%mdl 2048] Strongly threatening Nh4. White has strong initiative.} g5 25. Bd6 (25. h4 $16) 25... Nxd6 $11 26. exd6 Kxd6 27. Ne5 Rg8 28. Kd2 Rb7 (28... a4 $11 {remains equal.}) 29. Rc8 $1 $16 {[%cal Rc8g8]} Rxc8 30. Rxc8 {[%mdl 4096] Endgame KRN-KRN} Nd7 (30... f4 $16) 31. Nc6 $2 (31. Nf7+ $18 Ke7 32. Nd8) 31... e5 (31... Rc7 $11 32. Re8 Nf6) 32. Kc3 (32. Rh8 $16 exd4 33. Nxd4) 32... exd4+ $11 33. Kxd4 Nc5 34. Rd8+ (34. Kc3 $15) 34... Rd7 $17 35. Rh8 Ne6+ 36. Kc3 {[#]} Kc5 $1 37. Rxh6 Rd6 (37... Nc7 $17 38. d4+ Kxb5) 38. Na7 (38. Kb2 $11) 38... d4+ 39. Kb3 {Black should prevent Nc8.} Nf4 40. Rxd6 Kxd6 {KN-KN} 41. Kc4 Nxg2 42. Kxd4 a4 ({Better is} 42... Ne1 $17 {...Nf3+ is the strong threat.} 43. Nc8+ Kc7) 43. Nc8+ $15 Kc7 44. Ne7 a3 45. Kc3 $1 f4 {aiming for ...Kd6.} 46. Nd5+ Kb7 47. Kb3 Ne1 48. h4 $2 {[%mdl 8192]} (48. Kxa3 $2 Nxd3 49. Kb3 Nxf2 $17) (48. d4 $15) 48... gxh4 $19 49. Nxf4 Kc7 50. Kxa3 Kd6 {Threatens to win with ...Nf3.} 51. Kb4 {[#]} Nf3 $1 {[%mdl 1024] Black has strong compensation.} 52. Nh3 $2 (52. Kc4) 52... Ke5 53. Kc4 Kf5 {Black mates.} 54. d4 Kg4 55. d5 Kxh3 56. d6 Ng5 57. Kd5 Kg4 58. d7 Nf7 {Precision: White = 34%, Black = 63%.} 0-1

[Event "18th Brasschaat Open 2018"]
[Site "Brasschaat"]
[Date "2018.08.21"]
[Round "4"]
[White "Kazarian, Anna-Maja"]
[Black "Dgebuadze, Alexandre"]
[Result "1/2-1/2"]
[WhiteElo "2183"]
[BlackElo "2511"]
[Annotator "TA"]
[PlyCount "44"]
[EventDate "2018.08.18"]
[EventType "swiss"]
[EventCountry "BEL"]
[SourceTitle "playchess.com"]
[Source "ChessBase"]
[SourceQuality "1"]

{[%evp 18,44,26,31,26,21,36,24,40,20,28,27,26,0,25,19,40,8,38,16,28,0,0,0,281,194,2685,0,26]} 1. e4 e6 2. d4 d5 3. Nd2 Be7 4. Bd3 c5 5. dxc5 Nd7 6. exd5 exd5 7. Nb3 {C03: French Tarrasch: Unusual Black 3rd moves} Ngf6 8. Nf3 O-O 9. Be3 Qc7 (9... a5 10. a4 Ne4 11. O-O Ndxc5 12. Nxc5 Nxc5 13. h3 Be6 14. Nd4 Rc8 15. Re1 Bf6 {½-½ (15) Shahaliyev,I (2379)-Bajarani,U (2451) Baku 2017}) 10. O-O {LiveBook: 3 Games} Nxc5 11. Nxc5 Bxc5 12. Bxc5 Qxc5 13. Qd2 Re8 14. Qf4 $146 ({Predecessor:} 14. Rfe1 Bd7 {1-0 (42) Howell,D (2334)-Walton,A (2208) Scarborough 2004}) 14... Bg4 15. Ne5 Qc7 16. Rae1 Re7 17. Qg3 Be6 18. Qh4 Rae8 19. Bb5 Rd8 20. Bd3 Qb6 $2 {[%mdl 8192] [#]} (20... Rde8 $11 {and Black is okay.}) 21. Ng4 $1 {[%mdl 512]} Qc7 $2 (21... Bxg4 22. Rxe7 Be6) 22. Ne5 $2 ({White must play} 22. Nxf6+ $18 Kf8 23. Nxh7+ Ke8 24. Bb5+ Qc6 25. Bxc6+ bxc6 26. Nf8) 22... Rde8 {Precision: White = 25%, Black = 39%.} 1/2-1/2